NLSUI OPAC header image

Orientation program for I.E.S. officers : (Record no. 36251)

MARC details
000 -LEADER
fixed length control field 00882nam a2200229Ia 4500
003 - CONTROL NUMBER IDENTIFIER
control field OSt
005 - DATE AND TIME OF LATEST TRANSACTION
control field 20260525201755.0
008 - FIXED-LENGTH DATA ELEMENTS--GENERAL INFORMATION
fixed length control field 160316s2013 xxu||||| |||| 00| 0 eng d
082 ## - DEWEY DECIMAL CLASSIFICATION NUMBER
Classification number 341.754 NAT
245 ## - TITLE STATEMENT
Title Orientation program for I.E.S. officers :
Remainder of title source material for circulation among participants only 25th to 29th November 2013 (part-01) /
Statement of responsibility, etc. NLSIU
250 ## - EDITION STATEMENT
Edition statement Part 01
260 ## - PUBLICATION, DISTRIBUTION, ETC.
Place of publication, distribution, etc. Bangalore :
Name of publisher, distributor, etc. National Law School of India University,
Date of publication, distribution, etc. 2013.
300 ## - PHYSICAL DESCRIPTION
Extent 1-359 p. ;
Dimensions 26 cm.
650 ## - SUBJECT ADDED ENTRY--TOPICAL TERM
Topical term or geographic name entry element Divisions - laws
650 ## - SUBJECT ADDED ENTRY--TOPICAL TERM
Topical term or geographic name entry element Constitution - constitutionalism
650 ## - SUBJECT ADDED ENTRY--TOPICAL TERM
Topical term or geographic name entry element Control - legislation - role of law - separation of laws
650 ## - SUBJECT ADDED ENTRY--TOPICAL TERM
Topical term or geographic name entry element Judicial review - administrative - discretion - law
650 ## - SUBJECT ADDED ENTRY--TOPICAL TERM
Topical term or geographic name entry element Practice - Procedure - administrative adjudication
700 ## - ADDED ENTRY--PERSONAL NAME
Personal name NLSIU
--
856 ## - ELECTRONIC LOCATION AND ACCESS
Uniform Resource Identifier <a href="https://dans.nls.ac.in/handle/123456789/2300">https://dans.nls.ac.in/handle/123456789/2300</a>
942 ## - ADDED ENTRY ELEMENTS (KOHA)
Source of classification or shelving scheme Dewey Decimal Classification
Koha item type Repository
Holdings
Withdrawn status Lost status Damaged status Not for loan Home library Current library Shelving location Date acquired Total Checkouts Full call number Barcode Date last seen Price effective from Koha item type
        NLS NLS   30/05/2017   341.754 NAT REP11905 30/05/2017 30/05/2017 Repository
        NLS NLS   30/05/2017   341.754 NAT REP12050 30/05/2017 30/05/2017 Repository
        NLS NLS   30/05/2017   341.754 NAT REP12089 30/05/2017 30/05/2017 Repository
        NLS NLS   30/05/2017   341.754 NAT REP12118 30/05/2017 30/05/2017 Repository